| 000 | 00371nam a2200157Ia 4500 | ||
|---|---|---|---|
| 008 | 230917s9999||||xx |||||||||||||| ||und|| | ||
| 040 |
_e155090 _aMAIN |
||
| 041 | _aEnglish | ||
| 082 | _a512.5 B629B | ||
| 100 | _aRobertson, E F | ||
| 245 | 0 | _aBasic linear algebra | |
| 250 | _a2nd ed. | ||
| 260 |
_aLondon _bSpringer-Verlag _c2002 |
||
| 300 | _a232 p. | ||
| 942 | _cBK | ||
| 999 |
_c142862 _d142862 |
||